<?xml version="1.0" encoding="UTF-8"?><?xml-stylesheet type="text/xsl" href="static/style.xsl"?><OAI-PMH xmlns="http://www.openarchives.org/OAI/2.0/" xmlns:xsi="http://www.w3.org/2001/XMLSchema-instance" xsi:schemaLocation="http://www.openarchives.org/OAI/2.0/ http://www.openarchives.org/OAI/2.0/OAI-PMH.xsd"><responseDate>2026-06-07T19:59:48Z</responseDate><request verb="GetRecord" identifier="oai:docta.ucm.es:20.500.14352/99793" metadataPrefix="marc">https://docta.ucm.es/rest/oai/request</request><GetRecord><record><header><identifier>oai:docta.ucm.es:20.500.14352/99793</identifier><datestamp>2025-03-18T12:14:21Z</datestamp><setSpec>com_20.500.14352_14</setSpec><setSpec>col_20.500.14352_15</setSpec></header><metadata><record xmlns="http://www.loc.gov/MARC21/slim" xmlns:dcterms="http://purl.org/dc/terms/" xmlns:xsi="http://www.w3.org/2001/XMLSchema-instance" xmlns:doc="http://www.lyncode.com/xoai" xsi:schemaLocation="http://www.loc.gov/MARC21/slim http://www.loc.gov/standards/marcxml/schema/MARC21slim.xsd">
   <leader>00925njm 22002777a 4500</leader>
   <datafield ind2=" " ind1=" " tag="042">
      <subfield code="a">dc</subfield>
   </datafield>
   <datafield ind2=" " ind1=" " tag="720">
      <subfield code="a">Vivas Balcones, Luis David</subfield>
      <subfield code="e">author</subfield>
   </datafield>
   <datafield ind2=" " ind1=" " tag="720">
      <subfield code="a">García-Rubira, Juan Carlos</subfield>
      <subfield code="e">author</subfield>
   </datafield>
   <datafield ind2=" " ind1=" " tag="720">
      <subfield code="a">Bernardo, Esther</subfield>
      <subfield code="e">author</subfield>
   </datafield>
   <datafield ind2=" " ind1=" " tag="720">
      <subfield code="a">Angiolillo, Dominick J</subfield>
      <subfield code="e">author</subfield>
   </datafield>
   <datafield ind2=" " ind1=" " tag="720">
      <subfield code="a">Martín, Patricia</subfield>
      <subfield code="e">author</subfield>
   </datafield>
   <datafield ind2=" " ind1=" " tag="720">
      <subfield code="a">Calle Pascual, Alfonso Luis</subfield>
      <subfield code="e">author</subfield>
   </datafield>
   <datafield ind2=" " ind1=" " tag="720">
      <subfield code="a">Núñez Gil, Iván</subfield>
      <subfield code="e">author</subfield>
   </datafield>
   <datafield ind2=" " ind1=" " tag="720">
      <subfield code="a">Macaya Miguel, Carlos</subfield>
      <subfield code="e">author</subfield>
   </datafield>
   <datafield ind2=" " ind1=" " tag="720">
      <subfield code="a">Fernández Ortiz, Antonio Ignacio</subfield>
      <subfield code="e">author</subfield>
   </datafield>
   <datafield ind2=" " ind1=" " tag="260">
      <subfield code="c">2011-05-01</subfield>
   </datafield>
   <datafield ind2=" " ind1=" " tag="520">
      <subfield code="a">Objectives Hyperglycaemia has been associated with increased platelet reactivity and impaired prognosis in patients with acute coronary syndrome (ACS). Whether platelet reactivity can be reduced by lowering glucose in this setting is unknown. The aim of this study was to assess the functional impact of intensive glucose control with insulin on platelet reactivity in patients admitted with ACS and hyperglycaemia.
Methods This is a prospective, randomised trial evaluating the effects of either intensive glucose control (target glucose 80–120 mg/dl) or conventional control (target glucose 180 mg/dl or less) with insulin on platelet reactivity in patients with ACS and hyperglycaemia. The primary endpoint was platelet aggregation following stimuli with 20 μM ADP at 24 h and at hospital discharge. Aggregation following collagen, epinephrine and thrombin receptor-activated peptide, as well as P2Y12 reactivity index and surface expression of glycoprotein IIb/IIIa and P-selectin were also measured.
Results Of the 115 patients who underwent random assignment, 59 were assigned to intensive and 56 to conventional glucose control. Baseline platelet functions and inhospital management were similar in both groups. Maximal aggregation after ADP stimulation at hospital discharge was lower in the intensive group (47.9±13.2% vs 59.1±17.3%; p=0.002), whereas no differences were found at 24 h. Similarly all other parameters of platelet reactivity measured at hospital discharge were significantly reduced in the intensive glucose control group.
Conclusions In this randomised trial, early intensive glucose control with insulin in patients with ACS presenting with hyperglycaemia was found to decrease platelet reactivity.</subfield>
   </datafield>
   <datafield ind1="8" ind2=" " tag="024">
      <subfield code="a">Vivas D, García-Rubira JC, Bernardo E, Angiolillo DJ, Martín P, Calle-Pascual A, et al. Effects of intensive glucose control on platelet reactivity in patients with acute coronary syndromes. Results of the CHIPS Study ("Control de Hiperglucemia y Actividad Plaquetaria en Pacientes con Sindrome Coronario Agudo"). Heart. 2011;97:803-9</subfield>
   </datafield>
   <datafield ind1="8" ind2=" " tag="024">
      <subfield code="a">1355-6037</subfield>
   </datafield>
   <datafield ind1="8" ind2=" " tag="024">
      <subfield code="a">10.1136/hrt.2010.219949</subfield>
   </datafield>
   <datafield ind1="8" ind2=" " tag="024">
      <subfield code="a">https://hdl.handle.net/20.500.14352/99793</subfield>
   </datafield>
   <datafield ind1="8" ind2=" " tag="024">
      <subfield code="a">https://heart.bmj.com/content/97/10/803.long</subfield>
   </datafield>
   <datafield ind1="8" ind2=" " tag="024">
      <subfield code="a">21378389</subfield>
   </datafield>
   <datafield ind1="8" ind2=" " tag="024">
      <subfield code="a">https://pubmed.ncbi.nlm.nih.gov/21378389/</subfield>
   </datafield>
   <datafield ind2="0" ind1="0" tag="245">
      <subfield code="a">Effects of intensive glucose control on platelet reactivity in patients with acute coronary syndromes. Results of the CHIPS Study (''Control de Hiperglucemia y Actividad Plaquetaria en Pacientes con Síndrome Coronario Agudo'')</subfield>
   </datafield>
</record></metadata></record></GetRecord></OAI-PMH>